<?xml version="1.0" encoding="UTF-8"?>
<collection xmlns="http://www.loc.gov/MARC21/slim">
 <record>
  <leader>01413nam a22002177a 4500</leader>
  <controlfield tag="001">NCT_92689</controlfield>
  <controlfield tag="008">211122b        xxu||||| |||| 00| 0 vie d</controlfield>
  <datafield tag="999" ind1=" " ind2=" ">
   <subfield code="c">4584</subfield>
   <subfield code="d">4584</subfield>
  </datafield>
  <datafield tag="020" ind1=" " ind2=" ">
   <subfield code="a">9786048040321</subfield>
   <subfield code="c">85000</subfield>
  </datafield>
  <datafield tag="082" ind1="0" ind2="4">
   <subfield code="2">23rd ed.</subfield>
   <subfield code="a">005.74</subfield>
   <subfield code="b">C561</subfield>
  </datafield>
  <datafield tag="100" ind1="1" ind2=" ">
   <subfield code="a">Nguyễn Ngọc Cương</subfield>
  </datafield>
  <datafield tag="245" ind1="1" ind2="0">
   <subfield code="a">Lý thuyết cơ sở dữ liệu quan hệ và ứng dụng</subfield>
   <subfield code="c">Nguyễn Ngọc Cương, Phạm Thị Anh Lê</subfield>
  </datafield>
  <datafield tag="260" ind1=" " ind2=" ">
   <subfield code="a">H.</subfield>
   <subfield code="b">Thông tin và Truyền thông</subfield>
   <subfield code="c">2019</subfield>
  </datafield>
  <datafield tag="300" ind1=" " ind2=" ">
   <subfield code="a">250 tr.</subfield>
   <subfield code="b">Minh họa</subfield>
   <subfield code="c">24cm</subfield>
  </datafield>
  <datafield tag="520" ind1="3" ind2=" ">
   <subfield code="a">Nội dung sách giới thiệu khái quát về các hệ cơ sở dữ liệu, mô hình thực thể liên kết, mô hình dữ liệu quan hệ và cơ sở dữ liệu quan hệ, ngôn ngữ SQL, hệ cơ sở dữ liệu phân tán, hệ cơ sở dữ liệu NOSQL, an toàn dữ liệu và tính toán vẹn dữ liệu.</subfield>
  </datafield>
  <datafield tag="653" ind1=" " ind2=" ">
   <subfield code="a">Công nghệ thông tin</subfield>
  </datafield>
  <datafield tag="700" ind1="1" ind2=" ">
   <subfield code="a">Phạm Thị Anh Lê</subfield>
  </datafield>
  <datafield tag="942" ind1=" " ind2=" ">
   <subfield code="2">ddc</subfield>
   <subfield code="c">BK</subfield>
  </datafield>
  <datafield tag="952" ind1=" " ind2=" ">
   <subfield code="0">0</subfield>
   <subfield code="1">0</subfield>
   <subfield code="2">ddc</subfield>
   <subfield code="4">0</subfield>
   <subfield code="6">005_740000000000000_C561</subfield>
   <subfield code="7">0</subfield>
   <subfield code="9">21693</subfield>
   <subfield code="a">000001</subfield>
   <subfield code="b">000001</subfield>
   <subfield code="d">2021-11-22</subfield>
   <subfield code="o">005.74 C561</subfield>
   <subfield code="p">MD.19068</subfield>
   <subfield code="r">2021-11-22</subfield>
   <subfield code="v">85000.00</subfield>
   <subfield code="w">2021-11-22</subfield>
   <subfield code="y">BK</subfield>
  </datafield>
  <datafield tag="952" ind1=" " ind2=" ">
   <subfield code="0">0</subfield>
   <subfield code="1">0</subfield>
   <subfield code="2">ddc</subfield>
   <subfield code="4">0</subfield>
   <subfield code="6">005_740000000000000_C561</subfield>
   <subfield code="7">0</subfield>
   <subfield code="9">21694</subfield>
   <subfield code="a">000001</subfield>
   <subfield code="b">000001</subfield>
   <subfield code="d">2021-11-22</subfield>
   <subfield code="o">005.74 C561</subfield>
   <subfield code="p">MD.19069</subfield>
   <subfield code="r">2021-11-22</subfield>
   <subfield code="v">85000.00</subfield>
   <subfield code="w">2021-11-22</subfield>
   <subfield code="y">BK</subfield>
  </datafield>
  <datafield tag="980" ind1=" " ind2=" ">
   <subfield code="a">Thư viện Trường Đại học Nam Cần Thơ</subfield>
  </datafield>
 </record>
</collection>
